00509cam a22001692 4500001001100000005001700011008004100028020002800069040001500097050001500112100003200127245006600159260003300225300001100258650003900269700003100308000000537220151217152003.0070612s xx 000 0 eng d a8170004527 :cKES 3,800 aKABUcKABU 0aZ696b.D451 aDhiman, Anil K.@000015662010aLearn library classification /cAnil K. Dhiman, Yashoda Rani. aNew Delhi :bEss Ess,c2005. a259 p. 0aClassificationxBooks.@00001566461 aRani, Yashoda.@0000156621